Регионална библиотека "Любен Каравелов" - Русе

Наказателни и устройствени закони (Запис номер 159212)

MARC детайли
000 -Лидер
Контролно поле с фиксирана дължина 02591nam a2200469 c 4500
003 - Код на организацията, давaща контролен номер
Контролно поле BLK
005 - Дата и час на последна редакция
Контролно поле 20220517095502.0
008 - Елементи от данни с фиксирана дължина
fixed length control field 180410b bul|||||r ||||||| ||bul||
010 ## - Наследен системен номер
LC control number KNG00166282000
040 ## - Източник на каталожния запис
Идентификатор на билиотеката - собственик на записа BLK
041 ## - Код за език
Код за езика на текст/звукозапис или на отделно заглавие Български
Код за езика КДБФ Български
080 ## - УДК
Текстов определител УДК Опазване на обществения ред и спокойствие
УДК код - определител по УДК 351.75
УДК определител :343.21(497.2)(094.4)
УДК - код + определител 351.75:343.21(497.2)(094.4)
080 ## - УДК
Текстов определител УДК Опазване на обществения ред и спокойствие
УДК код - определител по УДК 351.75
УДК определител :343.1(497.2)(094.5)
УДК - код + определител 351.75:343.1(497.2)(094.5)
080 ## - УДК
Текстов определител УДК Опазване на обществения ред и спокойствие
УДК код - определител по УДК 351.75
УДК определител :343.3/.7(497.2)(094.5)
УДК - код + определител 351.75:343.3/.7(497.2)(094.5)
139 ## - Редно поле
Редна дума България. Закони и др. п.
Авторски знак Бъл - Б 92
245 10 - Сведения за заглавието
Заглавие Наказателни и устройствени закони
Подзаглавни данни Сборник
Редно поле (дума) състав. Иван Цонев Палазов и др.
257 ## - Страна на издаване
Страна на създаване/издаване България
260 ## - Област на издателските данни
Име на издателя, разпространителя и проч. Наука и изкуство
Година на издаване 1982
Печатница Плевен : Ал. Пъшев
Място на издаване, разпространение и проч. София
300 ## - Физическа характеристика
Страници 835 с.
Илюстрации и др. с табл.
Размери/Мащаб 22 см
380 ## - Жанр
Жанр Обществени науки
500 ## - Общи забележки
Забележка Други състав. : Ив. Т. Стоянов, М. С. Лазаров, Л. Т. Андрейчев, Н. Р. Киндеков. - 9 910 тир.
650 #4 - Допълнително описание по предмет – тема
Основно описание – тема или топоним Наказателен кодекс - България
9 (RLIN) 245467
650 #4 - Допълнително описание по предмет – тема
Основно описание – тема или топоним Наказателен процес - България - законодателни и директивни материали
9 (RLIN) 247437
650 #4 - Допълнително описание по предмет – тема
Основно описание – тема или топоним Административно-наказателно производство - България
9 (RLIN) 309415
651 #4 - Допълнително описание по предмет - топоним
Географско понятие България
9 (RLIN) 241624
653 ## - Ключова дума – ненормативна
Ключова дума наказателно право
653 ## - Ключова дума – ненормативна
Ключова дума наказателно-процесуално право
653 ## - Ключова дума – ненормативна
Ключова дума административно право
653 ## - Ключова дума – ненормативна
Ключова дума кодекси
653 ## - Ключова дума – ненормативна
Ключова дума наказания (право)
700 1# - Други автори (авторска отговорност)
Лично име Палазов, Иван Цонев
Автороска отговорност (Описва отношението между автора и произведението) състав.
9 (RLIN) 334403
710 1# - Име на организация или юридическо лице като допълнителен термин за търсене
Наименование на организация или юридическо лице като редна дума България. Закони и др. п.
9 (RLIN) 243213
852 ## - Местоположение
Форматна сигнатура Цб 118234
Фондова буква Хранилище
856 4# - Електронен адрес и достъп
Електронен формат pdf - файл
856 4# - Електронен адрес и достъп
Електронен формат pdf - файл
999 ## - СИСТЕМНИ КОНТРОЛНИ НОМЕРА
Koha biblionumber 159212
Koha biblioitemnumber 159212
942 ## - АРТИКУЛИ
Вид на библиотечния материал Книги
Скрит в OPAC Не
Периодичен библиозапис Да
944 ## - СЪЗДАВАНЕ И РЕДАКЦИЯ на ЗАПИСА
Създаване/Редакция Създаване
Дата на регистрацията/редакция 17.10.2014
Статус, дата на статуса 17.10.2014 - от С1,Р / 17.10.2014
Служител, извършил регистрацията/редакцията Правда_Бадева
944 ## - СЪЗДАВАНЕ И РЕДАКЦИЯ на ЗАПИСА
Създаване/Редакция Редакция
Дата на регистрацията/редакция 17.10.2014
Статус, дата на статуса 17.10.2014 - от С1,Р / 17.10.2014
944 ## - СЪЗДАВАНЕ И РЕДАКЦИЯ на ЗАПИСА
Създаване/Редакция Редакция
Дата на регистрацията/редакция 2022-05-17
999 ## - СИСТЕМНИ КОНТРОЛНИ НОМЕРА
Koha biblioitemnumber 159212
999 ## - СИСТЕМНИ КОНТРОЛНИ НОМЕРА
Koha biblioitemnumber 159212
999 ## - СИСТЕМНИ КОНТРОЛНИ НОМЕРА
Koha biblioitemnumber 159212
Наличности
Код за отписване Код за изгубен артикул Източник на класификационната схема Код за повреда Коз за рестрикции Код за отдаване Артикулен № Име на библиотеката - собственик Име на библиотеката, в която се намира в момента Статус (Текущо местоположение) Дата на вписване в системата Местоположение - отдел Цена в лева Инвентарен номер Систематично азбучна сигнатура Баркод Номер на екземпляра Цена в евро Служебна бележка Служебен тип на артикула
  Не е изгубен Universal Decimal Classification Не е повреден без рестрикции ползва се в читалня 266030 Регионална библиотека "Любен Каравелов" Русе Регионална библиотека "Любен Каравелов" Русе Хранилище 1982-01-01 Хранилище 8.63 365732 Цб 118234 120000365732 1 4.41 N: стар фонд Дата: 01.01.1982 Книги
Изтеглен Не е изгубен Universal Decimal Classification Не е повреден без рестрикции заемане за дома 266031 Регионална библиотека "Любен Каравелов" Русе Регионална библиотека "Любен Каравелов" Русе Заемна - подръчен фонд 1982-01-01 Заемна - подръчен фонд 8.00 366902 П 351.75/Б 92 366902 2 4.09 N: стар фонд Дата: 01.01.1982 Книги
Изтеглен Не е изгубен Universal Decimal Classification Не е повреден без рестрикции заемане за дома 266032 Регионална библиотека "Любен Каравелов" Русе Регионална библиотека "Любен Каравелов" Русе Заемна - подръчен фонд 1982-01-01 Заемна - подръчен фонд 8.63 541993 П 351.75/Б 92 541993 3 4.41 N: стар фонд Дата: 01.01.1982 Книги
Vip Innovations Ltd, Rousse, Bulgaria 2025